01299nab a22002897a 4500999001500000003000400015005001700019008004100036040001100077100003200088245008000120260007300200300001500273500003800288505019700326505008900523650005800612650003300670650002000703650002800723650002000751650003200771650003100803650002000834773014200854942001300996 c5367d5367OSt20250312062538.0190603e xxum|||| |||| 00| 0 spa d cPJ-TDF aLeonardi, Juan Manuel9545613aDaño causado al hijo por falta de reconocimiento /cJuan Manuel Leonardi. cCiudad Autónoma de Buenos Aires :aThomson Reuters La Ley, b2024. ap. 139-148 aCita: TR LALEY AR/DOC/2344/2024.  a Sumario: I. Introducción.— II. Incidencia de la conducta de la madre.— III. La demora del hijo en promover el juicio de filiación.— IV. La deducción de su porcentaje hereditario.  t¿Te interesa el texto completo? Solicitalo al correo: koha@justierradelfuego.gov.ar 092741aDERECHOS DE LAS NIÑAS, NIÑOS Y ADOLESCENTES 092345aDERECHO A LA IDENTIDAD 091004aFILIACION 092522aABUSO DEL DERECHO 09888aSUCESIONES 091467aRESPONSABILIDAD CIVIL 092823aDAÑOS Y PERJUICIOS 091084aHEREDEROS0 0271393170dCiudad Autónoma de Buenos Aires : Thomson Reuters La Ley, 2015-tRevista Código Civil y Comercial. Nº 6 - Diciembre 2024 2udccANA